LEADER 00934nam0 22002651i 450 001 UON00230737 005 20231205103500.216 100 $a20030730d1963 |0itac50 ba 101 $ahbs 102 $aHR 105 $a|||| ||||| 200 1 $aAretej$fMiroslav Krleza 210 $aZagreb$cZora$d1963 215 $a323 p.$d20 cm. 410 1$1001UON00176914$12001 $aSabrana djela Miroslava Krleze$1210 $aZagreb$cZora$v22 620 $aHR$dZagreb$3UONL001976 676 $a891.82$cLetteratura serbo-croata$v21 700 1$aKRLE?A$bMiroslav$3UONV126209$0465374 712 $aZora$3UONV269284$4650 801 $aIT$bSOL$c20250620$gRICA 899 $aSIBA - SISTEMA BIBLIOTECARIO DI ATENEO$2UONSI 912 $aUON00230737 950 $aSIBA - SISTEMA BIBLIOTECARIO DI ATENEO$dSI CROATO A 0196 $eSI SL 246/1 5 0196 996 $aAretej$91272440 997 $aUNIOR